The oath of the Vayuputras/ (Record no. 160988)

MARC details
000 -LEADER
fixed length control field 00857nam a22002417a 4500
005 - DATE AND TIME OF LATEST TRANSACTION
control field 20190218161007.0
008 - FIXED-LENGTH DATA ELEMENTS--GENERAL INFORMATION
fixed length control field 190218b ||||| |||| 00| 0 eng d
010 ## - LCCN (DPL NO)
LC control number B-713081
020 ## - INTERNATIONAL STANDARD BOOK NUMBER
International Standard Book Number 9789382618348
Terms of availability 450.00
035 ## - SYSTEM CONTROL NUMBER
System control number B-713081
037 ## - SOURCE OF ACQUISITION
Source of stock number/acquisition Pansy Books
040 ## - CATALOGING SOURCE
Original cataloging agency dpl
Language of cataloging hn
050 ## - LIBRARY OF CONGRESS CALL NUMBER
DPL Classification number N
082 ## - DEWEY DECIMAL CLASSIFICATION NUMBER
Classification number N
100 ## - MAIN ENTRY--PERSONAL NAME
Personal name Amish
245 ## - TITLE STATEMENT
Title The oath of the Vayuputras/
Statement of responsibility, etc by Amish
260 ## - PUBLICATION, DISTRIBUTION, ETC. (IMPRINT)
Place of publication, distribution, etc Chennai
Name of publisher, distributor, etc Westland Publications
Date of publication, distribution, etc 2018
270 ## - ADDRESS
Address 61, 2nd Floor, Silveline Building, Alapakkam Main Road, Maduravoyal,
City Chennai
Postal code 6000095
300 ## - PHYSICAL DESCRIPTION
Extent xxiii, 575p
Dimensions 20cm(pbk)
490 ## - SERIES STATEMENT
Series statement Shiva Trilogy 3
942 ## - ADDED ENTRY ELEMENTS (KOHA)
Source of classification or shelving scheme Dewey Decimal Classification
Item type English Books
Classification part N
Call number suffix AMI
Holdings
Withdrawn status Lost status Source of classification or shelving scheme Damaged status Not for loan Collection code Home library Current library Date acquired Source of acquisition Cost, normal purchase price Total Checkouts Total Renewals Full call number Barcode Date last seen Copy number Cost, replacement price Koha item type
    Dewey Decimal Classification     Fiction Patel Nagar Patel Nagar 18/02/2019 Pansy Books/1821/18.01.2019/DPL/PN/RP/2015-16/1320/31.12.2018/21.01.2019 450.00 5 3 N AMI B-713081 09/09/2024 1 450.00 English Books

© Delhi Public Library
Hit Counter
free hit counter